| 000 | 00816nas a22002297a 4500 | ||
|---|---|---|---|
| 005 | 20260603111033.0 | ||
| 008 | 260603b20122014porz||p| |||| 00| z por d | ||
| 040 | _cBR-ViAPE | ||
| 245 | _aRevista Momento Espírito Santo | ||
| 260 |
_aVitória _bModerna Comunicação _c2012-2014 |
||
| 300 |
_av. _bil. |
||
| 310 | _aIrregular | ||
| 362 | _an. 28 (2012) - n. 36 (jun. 2014). | ||
| 500 | _aDisponibilizada apenas a imagem da capa na versão digital, em virtude de restrições de direitos autorais. | ||
| 500 | _aColeção incompleta: disponíveis apenas alguns números do periódico. | ||
| 650 |
_aCultura _xArte _xModa _zEspírito Santo |
||
| 651 |
_aEspírito Santo (Brasil) _vPeriódicos |
||
| 700 |
_aSchneider, Arleson _eEditor |
||
| 710 | _aModerna Comunicação | ||
| 942 |
_2ddc _cPER _n1 |
||
| 999 |
_c766 _d766 |
||